| 000 | 00471cam a2200169 a 4500 | ||
|---|---|---|---|
| 020 | _a0960884017 | ||
| 040 | _cDLC | ||
| 082 | 0 | 0 |
_a346 GOL 1983 A089 Or. _a347.30682 |
| 100 | 1 | _aGolembe, Carter Harry. | |
| 245 | 1 | 0 | _aFederal regulation of banking, 1983-84 / |
| 260 |
_aWashington, D.C. : _bGolembe Associates, _cc1983. |
||
| 300 |
_axiv, 244 p. : _bill. ; _c24 cm. |
||
| 500 | _aIncludes index. | ||
| 650 | 0 | _aBanking law | |
| 700 | 1 | _aHolland, David S., | |
| 942 | _cEK | ||
| 999 |
_c16239 _d16239 |
||